| 000 | 01970nam a22004937a 4500 | ||
|---|---|---|---|
| 999 |
_c20720 _d20720 |
||
| 005 | 20200124065905.0 | ||
| 008 | 200124b xxu||||| |||| 00| 0 spa d | ||
| 020 | _a978947851010 | ||
| 040 |
_aCO-BoIAVH _cCO-BoIAVH |
||
| 041 | _aeng | ||
| 044 | _agx | ||
| 082 |
_a333.9506 _bI64t |
||
| 100 | _aRice, Jack | ||
| 245 |
_aThe regional assessment report on Biodiversity and ecosystem services for the Americas _bSummary for policymakers _cRice, Jack y otros |
||
| 246 | _aSummary for policymakers of the regional assessment report on biodiversity and ecosystem services for the Americas | ||
| 260 |
_aBonn, _bIntergovernmental Science-Policy Platform on Biodiversity and Ecosystem Services (IPBES)IPBES _c2018 |
||
| 300 |
_a37 páginas, _bFotografías, mapas y gráficas _c29.6 x 20.9 cm |
||
| 650 | 0 |
_aBiodiversidad _vResumen Ejecutivo _zAmerica Latina |
|
| 650 | 0 | _aCalidad de vida | |
| 650 | 0 | _aPolíticas nacionales en biodiversidad | |
| 650 | 0 | _aRecursos Biológicos | |
| 700 | _aSimao Seixas, Cristiana | ||
| 700 | _aZaccagnini, María Elena | ||
| 700 | _aBedoya-Gaitán, Mauricio | ||
| 700 | _aValderrama, Natalia | ||
| 700 | _aAnderson, Christopher B | ||
| 700 | _aKalín Arroyo, Mary T. | ||
| 700 | _aBustamante, Mercedes | ||
| 700 | _aCavender-Bares Jeannine | ||
| 700 | _aDíaz-de-León, Antonio | ||
| 700 | _aFennessy, Siobhan | ||
| 700 | _aGarcía Márquez, Jaime Ricardo | ||
| 700 | _aGarcía, Keisha | ||
| 700 | _aHelmer, Eileen H | ||
| 700 | _aHerrera, Bernal | ||
| 700 | _aKlatt, Brian | ||
| 700 | _aOmeto, Jean P | ||
| 700 | _aRodríguez Osuna, Vanesa | ||
| 700 | _aScarano, Fabio R | ||
| 700 | _aSchill, Steven | ||
| 700 | _aSchill, Steven | ||
| 700 | _aSampaio Farinaci, Juliana | ||
| 942 |
_2ddc _cLIBRO |
||